Periodi dei Segno zodiacali - Statistics

Statistiche generali
  • Questo quiz è stato fatto 46 volte
  • Il punteggio medio è 8 su 12
Statistiche sulle risposte
Hint Risposta % Corretto
22/23 agosto-22/23 settembre Vergine
88%
20/21 giugno-22/23 luglio Cancro
75%
21/22 maggio-20/21 giugno Gemelli
75%
22/23 luglio-22/23 agosto Leone
75%
20/21 aprile-21/22 maggio Toro
75%
20/21 marzo-20/21 aprile Ariete
71%
22/23 settembre-22/23 ottobre Bilancia
71%
21/22 dicembre-20/21 gennaio Capricorno
71%
20/21 gennaio-18/19 febbraio Aquario
63%
22/23 ottobre-22/23 novembre Scorpione
63%
22/23 novembre-21/22 dicembre Sagittario
58%
18/19 febbraio-20/21 marzo Pesci
54%
Nessun quiz corrispondente trovato
Distribuzione punteggi
Percentuale di utenti per punteggio
Percentile per numero di risposta
I tuoi punteggi nel tempo
Non hai fatto questo quiz